| 000 | 01193cam a2200301 a 4500 | ||
|---|---|---|---|
| 001 | 13170830 | ||
| 003 | OSt | ||
| 005 | 20170518103245.0 | ||
| 008 | 030421s2004 nyua fb 001 0 eng | ||
| 010 | _a 2003047653 | ||
| 020 | _a157990534X (pbk.) | ||
| 040 |
_aMMU _cMMU _dMMU |
||
| 050 | 0 | 0 |
_aTR267 _b.F74 2004 |
| 082 | 0 | 0 |
_a778.3 _221 |
| 100 | 1 |
_aFreeman, Michael, _d1945- |
|
| 245 | 1 | 4 |
_aThe complete guide to digital photography / _cMichael Freeman. |
| 250 | _a2nd ed. | ||
| 260 |
_aNew York : _bLark Books, _cc2004. |
||
| 300 |
_a224 p. : _bcol. ill. ; _c26 cm. |
||
| 504 | _aIncludes bibliographical references (p. 222) and index. | ||
| 650 | 0 |
_aPhotography _xDigital techniques _vHandbooks, manuals, etc. |
|
| 650 | 0 |
_aImage processing _xDigital techniques _vHandbooks, manuals, etc. |
|
| 650 | 0 |
_aDigital cameras _vHandbooks, manuals, etc. |
|
| 856 | 4 | 2 |
_3Publisher description _uhttp://www.loc.gov/catdir/description/ste031/2003047653.html |
| 906 |
_a7 _bcbc _corignew _d1 _eocip _f20 _gy-gencatlg |
||
| 942 |
_2lcc _cLOAN LOAN |
||
| 999 |
_c24329 _d24329 |
||